Matematikai tehetséggondozás 10-14 éves korban

Elmentve itt :
Bibliográfiai részletek
Szerző: Retkes Csilla
További közreműködők: Pintér Klára (Témavezető)
Dokumentumtípus: Szakdolgozat
Megjelent: 1998
Tárgyszavak:
Online Access:http://diploma.bibl.u-szeged.hu/122239
LEADER 00604nta a2200181 i 4500
001 dipl122239
005 20220211183304.0
008 220211s1998 hu om 0|| hun d
040 |a SZTE Diploma Repozitórium  |b hun 
041 |a hun 
100 1 |a Retkes Csilla 
245 1 0 |a Matematikai tehetséggondozás 10-14 éves korban  |h [elektronikus dokumentum] /  |c Csilla Retkes 
260 |c 1998 
650 4 |a Pedagógusképzés 
650 4 |a Natural sciences 
650 4 |a Mathematics 
700 1 |a Pintér Klára  |e ths 
856 4 0 |u http://diploma.bibl.u-szeged.hu/id/eprint/122239/1/1998_retkes_csilla.pdf  |z Dokumentum-elérés